000 00775nam a2200181Ia 4500
008 100921s9999 xx 000 0 und d
082 _b38471
_a891.463 न 04
100 _aनाईक संजय.
245 _aप्रेमाच्या वाटे कुछ कुछ काटे.
260 _bमंगल दीप प्रकाशन, पुणे.
_c2004
300 _a128
_bकलाभारती वितरण,पुणे
365 _b120
520 _aललित-कादंबरी.
630 _aप्रेमाच्या वाटे कुछ कुछ काटे.
650 _aललित-कादंबरी.
730 _aप्रेमाच्या वाटे कुछ कुछ काटे.
942 _cBOOK
999 _c787584
_d787581